| 000 | 01713nam a2200337 a 4500 | ||
|---|---|---|---|
| 003 | Mxchpua | ||
| 005 | 20260310090628.0 | ||
| 007 | ta | ||
| 008 | 250730s2025 mx bdeofs|||| 001 0 spa d | ||
| 040 | _amxchpua | ||
| 090 |
_aT.C.986 _bA43 EIUPA _c2025 |
||
| 245 | 1 | 0 |
_aEmpresa MASPESCA S.A. de C.V., Progreso, Yucatán, México / _ccoordinador Carlos Enrique Álvarez Moreno ; colaboradores Luis Emanuel González Flores...[y otros] |
| 260 |
_aChapingo, México : _bEl autor, _c2025 |
||
| 300 |
_a1 recurso en línea (178 páginas) : _bmapas, gráficas, diagramas, tablas, fotos, planos |
||
| 336 |
_2rdacontent _aTexto _btxt |
||
| 337 |
_2rdamedia _acomputadora _bc |
||
| 338 |
_2rdacarrier _aresurso en línea _bcr |
||
| 500 | _a7° año Grupo 1 | ||
| 502 |
_aViaje de Estudios _b(EIUPA) -- _cUACh. Departamento de Ingeniería Agroindustrial, _d2025 |
||
| 504 | _aBibliografía: páginas 147-149 | ||
| 505 | 0 | _a4 planos : -- 1. Plano de distribución de áreas -- 2. Plano de distribución de equipos -- 3. Diagrama de recorrido nacional -- 4. Diagrama de recorrido internacional | |
| 650 | 1 | 3 |
_aIndustria pesquera _zMéxico _zYucatán _9152012 |
| 650 | 1 | 3 |
_aIndustria de los alimentos congelados _zMéxico _zYucatán _9185265 |
| 650 | 1 | 3 |
_aPlantas procesadoras de pescado _zMéxico _zYucatán _9189716 |
| 650 | 1 | 3 |
_aFish industry _zMexico _zYucatán _9152010 |
| 650 | 1 | 3 |
_aFrozen foods industry _zMexico _zYucatán _9158556 |
| 650 | 1 | 3 |
_aFish processing plants _zMexico _zYucatán _9189717 |
| 700 | 1 |
_aÁlvarez Moreno, Carlos Enrique _ecoordinador _9187445 |
|
| 700 | 1 |
_aGonzález Flores, Luis Emanuel _9190802 _ecolaborador |
|
| 856 | 4 | 1 |
_yDESCARGAR REPORTE _uhttp://10.13.5.2/ve/TC986_EIUPA/TC986_EIUPA_2025-REPORTE.pdf |
| 999 |
_c220767 _d220767 |
||